| 000 | 00535nam a2200229 a 4500 | ||
|---|---|---|---|
| 001 | nice12345678 | ||
| 003 | IN_TiNIC | ||
| 005 | 20260116011415.0 | ||
| 008 | 080212s1908 teha grp 000 0 per | ||
| 020 |
_a _c100 |
||
| 082 | 0 | 0 |
_a520 _bHUS |
| 100 | _aHussain, Amli Md Bin | ||
| 245 | _aRisala Istarlaab | ||
| 260 |
_aTehran _bNo Publisher _c1908 |
||
| 300 | _a00p | ||
| 500 | _aincludes index and biblioraphy | ||
| 650 | _aAstronomy | ||
| 700 | 1 | _aHussain, Amli Md Bin | |
| 902 | _bSRS | ||
| 942 | _cBK | ||
| 999 |
_c1261 _d1261 |
||